[Event "10MCR_4DW_1L_1S"]
[Site "CR"]
[Date "2013.??.??"]
[Round "?"]
[White "Nyvlt, Zdenek"]
[Black "Kuta, Jiri"]
[Result "1/2-1/2"]
[WhiteElo "2453"]
[BlackElo "2372"]
[Annotator "55"]
[PlyCount "157"]
[EventDate "2012.??.??"]
[EventType "corr"]

1. d4 Nf6 2. c4 c5 3. d5 b5 4. Nf3 Bb7 5. a4 Qa5+ 6. Bd2 b4 7. Qc2 g6 8. e4 d6
9. h3 Bg7 10. Bf4 e5 11. Be3 O-O 12. Nbd2 Qc7 13. Be2 Nh5 14. g3 Bc8 15. Nh2
Nf6 16. g4 h6 17. h4 Nh7 18. Qc1 Qe7 19. Ndf3 Nd7 20. Bxh6 Ndf6 21. Bxg7 Kxg7
22. Nd2 Rh8 23. Qd1 Nf8 24. g5 Nxe4 25. Nxe4 Rxh4 26. Bf3 Bf5 27. Nf1 Rxh1 28.
Bxh1 Bxe4 29. Bxe4 Nh7 30. Qg4 Nxg5 31. O-O-O Rh8 32. Ng3 Qf6 33. Bc2 Nh3 34.
Ne4 Qe7 35. Qg3 f5 36. Nxd6 Qxd6 37. Bxf5 Nf4 38. Kb1 Kf6 39. Bc2 Ke7 40. a5
Kd8 41. Ba4 Rh3 42. Qg1 a6 43. Qg5+ Kc7 44. Bc2 Rh7 45. Re1 Rh5 46. Qg4 Rh3 47.
Rg1 Rh8 48. Ka2 Kb8 49. Qd1 Qd8 50. Bxg6 Qxa5+ 51. Kb1 Rh3 52. Bc2 b3 53. Bxb3
Rd3 54. Rg8+ Ka7 55. Rg7+ Kb6 56. Qh1 Rh3 57. Qe4 Qd2 58. d6 Ka5 59. Qb7 Qxd6
60. Bc2 Nd3 61. Rd7 Rh1+ 62. Qxh1 Qxd7 63. Qe4 Nb4 64. Qxe5 Kb6 65. Qf4 Nc6 66.
Qe3 Qg4 67. b3 Qh5 68. Be4 Nd4 69. Ka2 Qd1 70. Kb2 Ka7 71. f4 Nxb3 72. Bd3 Qd2+
73. Qxd2 Nxd2 74. f5 Nf3 75. f6 Ne5 76. Kb3 Kb6 77. Be4 Kc7 78. Bd5 Kd7 79. Ka4
1/2-1/2

[Event "10MCR_4DW_1L_2S"]
[Site "CR"]
[Date "2012.??.??"]
[Round "?"]
[White "Hladecek, Miloslav"]
[Black "Zahour, Jiri"]
[Result "1/2-1/2"]
[WhiteElo "2414"]
[BlackElo "2345"]
[Annotator "01"]
[PlyCount "69"]
[EventDate "2012.??.??"]
[EventType "corr"]

1. e4 c5 2. Nf3 d6 3. d4 cxd4 4. Nxd4 Nf6 5. Nc3 a6 6. Bg5 e6 7. f4 Qb6 8. Qd2
Qxb2 9. Rb1 Qa3 10. e5 dxe5 11. fxe5 Nfd7 12. Ne4 h6 13. Bh4 Qxa2 14. Rd1 Qd5
15. Qe3 Qxe5 16. Be2 Bc5 17. Bg3 Bxd4 18. Rxd4 Qa5+ 19. Rd2 O-O 20. Bd6 Rd8 21.
Qg3 Nc6 22. Bc7 Qa1+ 23. Rd1 Qb2 24. Nd6 Rf8 25. Nxc8 Raxc8 26. Rxd7 Qxc2 27.
Bf4 Rfd8 28. Bxh6 Qh7 29. Rxd8+ Rxd8 30. Bc1 Qc2 31. Kf2 Nb4 32. Bh6 Qf5+ 33.
Kg1 Qb1+ 34. Kf2 Qf5+ 35. Kg1 1/2-1/2

[Event "10MCR_4DW_1L_2S"]
[Site "CR"]
[Date "2012.??.??"]
[Round "?"]
[White "Svrsek, Radomir"]
[Black "Hladecek, Miloslav"]
[Result "1/2-1/2"]
[WhiteElo "2177"]
[BlackElo "2414"]
[Annotator "02"]
[PlyCount "74"]
[EventDate "2012.??.??"]
[EventType "corr"]

1. e4 c5 2. Nf3 d6 3. d4 cxd4 4. Nxd4 Nf6 5. Nc3 a6 6. Be3 e5 7. Nf3 Be7 8. Bc4
O-O 9. O-O Be6 10. Bb3 Nc6 11. Qd3 Rc8 12. Rfd1 Na5 13. Bg5 Ne8 14. Bxe7 Qxe7
15. Nd5 Bxd5 16. Bxd5 Nf6 17. c3 Rfd8 18. Qe2 Nxd5 19. Rxd5 Nc4 20. Rd3 Nb6 21.
g3 g6 22. Ne1 d5 23. Rad1 dxe4 24. Rxd8+ Rxd8 25. Rxd8+ Qxd8 26. Qxe4 Qd2 27.
Nd3 Nd7 28. Kg2 Kf8 29. h4 h5 30. a4 Qc2 31. Qd5 Qxa4 32. Qxb7 e4 33. b3 Qb5
34. Qxe4 Qxb3 35. Qb4+ Qxb4 36. cxb4 Ke7 37. Kf3 Kd6 1/2-1/2

[Event "10MCR_4DW_1L_2S"]
[Site "CR"]
[Date "2012.??.??"]
[Round "?"]
[White "Mikoska, Josef"]
[Black "Svrsek, Radomir"]
[Result "1/2-1/2"]
[WhiteElo "2222"]
[BlackElo "2177"]
[Annotator "03"]
[PlyCount "44"]
[EventDate "2012.??.??"]
[EventType "corr"]

1. e4 c5 2. Nf3 e6 3. d4 cxd4 4. Nxd4 Nc6 5. Nc3 Nf6 6. Ndb5 d6 7. Bf4 e5 8.
Bg5 a6 9. Na3 b5 10. Nd5 Be7 11. Bxf6 Bxf6 12. c3 Bg5 13. Nc2 O-O 14. a4 bxa4
15. Rxa4 a5 16. Bb5 Ne7 17. Nxe7+ Qxe7 18. O-O Be6 19. c4 Qc7 20. Ne3 Bxe3 21.
fxe3 h6 22. Qd3 Ra7 1/2-1/2

[Event "10MCR_4DW_1L_2S"]
[Site "CR"]
[Date "2012.??.??"]
[Round "?"]
[White "Gubas, Jan"]
[Black "Pavlicek, Miroslav"]
[Result "1/2-1/2"]
[WhiteElo "2334"]
[BlackElo "2232"]
[Annotator "04"]
[PlyCount "88"]
[EventDate "2012.??.??"]
[EventType "corr"]

1. e4 c5 2. Nf3 Nc6 3. d4 cxd4 4. Nxd4 e5 5. Nb5 Nf6 6. N1c3 d6 7. Bg5 a6 8.
Na3 b5 9. Bxf6 gxf6 10. Nd5 f5 11. Bd3 Be6 12. c3 Bg7 13. Nxb5 axb5 14. Bxb5
Bd7 15. exf5 e4 16. O-O O-O 17. Re1 Re8 18. a4 Re5 19. Ne3 Ne7 20. Bxd7 Qxd7
21. f6 Bxf6 22. Qg4+ Qxg4 23. Nxg4 Re6 24. Nxf6+ Rxf6 25. Rxe4 Kf8 26. Rd4 d5
27. b4 Rc6 28. Rd3 d4 29. Rxd4 Rxc3 30. g3 Rb3 31. Rh4 Nc6 32. Rxh7 Ra7 33. b5
Nd4 34. Rh5 Rxb5 35. Rxb5 Nxb5 36. g4 Ra5 37. Kg2 Nc3 38. h4 Rxa4 39. Rxa4 Nxa4
40. Kg3 Nc5 41. Kf4 Ne6+ 42. Kf5 Kg7 43. h5 Nd4+ 44. Ke4 Ne6 1/2-1/2

[Event "10MCR_4DW_1L_2S"]
[Site "CR"]
[Date "2012.??.??"]
[Round "?"]
[White "Pavlicek, Miroslav"]
[Black "Nedoma, Petr"]
[Result "1/2-1/2"]
[WhiteElo "2232"]
[BlackElo "2417"]
[Annotator "05"]
[PlyCount "88"]
[EventDate "2012.??.??"]
[EventType "corr"]

1. d4 Nf6 2. c4 c5 3. d5 d6 4. Nc3 Bf5 5. f3 g6 6. e4 Bc8 7. f4 Bg7 8. Nf3 O-O
9. Be2 Bg4 10. O-O Nbd7 11. h3 Bxf3 12. Bxf3 Ne8 13. Kh1 Nc7 14. Qd3 a6 15. a4
a5 16. Bg4 Nf6 17. e5 Nxg4 18. hxg4 dxe5 19. fxe5 Bxe5 20. Bh6 Re8 21. Rae1 Bd4
22. Be3 e6 23. Bxd4 cxd4 24. Qxd4 Qh4+ 25. Kg1 exd5 26. Rxe8+ Rxe8 27. cxd5 Re1
28. Ne4 f5 29. Nf2 Rxf1+ 30. Kxf1 Qd8 31. d6 Ne8 32. Qd5+ Kf8 33. gxf5 Nxd6 34.
fxg6 hxg6 35. Ne4 Nf7 36. Qxd8+ Nxd8 37. Ke2 Ne6 38. Kd3 Nf4+ 39. Kd4 Nxg2 40.
Nc5 b6 41. Nd7+ Ke7 42. Nxb6 g5 43. Nc4 g4 44. Ke4 Kd7 1/2-1/2

[Event "10MCR_4DW_1L_2S"]
[Site "CR"]
[Date "2012.??.??"]
[Round "?"]
[White "Hrdy, Roman"]
[Black "Zahour, Jiri"]
[Result "1/2-1/2"]
[WhiteElo "2356"]
[BlackElo "2345"]
[Annotator "06"]
[PlyCount "33"]
[EventDate "2012.??.??"]
[EventType "corr"]

1. d4 d5 2. c4 e6 3. Nc3 Nf6 4. Nf3 Be7 5. Bf4 O-O 6. e3 Nbd7 7. c5 Nh5 8. Bd3
Nxf4 9. exf4 b6 10. b4 a5 11. a3 c6 12. O-O Qc7 13. g3 Ba6 14. Kg2 Bf6 15. Ne5
Bxe5 16. fxe5 h6 17. Qe2 1/2-1/2

[Event "10MCR_4DW_1L_2S"]
[Site "CR"]
[Date "2012.??.??"]
[Round "?"]
[White "Hladecek, Miloslav"]
[Black "Mikoska, Josef"]
[Result "1/2-1/2"]
[WhiteElo "2414"]
[BlackElo "2222"]
[Annotator "07"]
[PlyCount "117"]
[EventDate "2012.??.??"]
[EventType "corr"]

1. e4 e5 2. Nf3 Nc6 3. Bb5 a6 4. Ba4 Nf6 5. O-O Bc5 6. c3 b5 7. Bc2 d5 8. d4
dxe4 9. Nxe5 Nxe5 10. dxe5 Qxd1 11. Rxd1 Ng4 12. Bxe4 Nxf2 13. Bc6+ Ke7 14. Rd5
Bb6 15. Bxa8 Nd3+ 16. Kf1 Nxc1 17. Na3 Be6 18. Rxc1 Rxa8 19. Rd3 Bf5 20. Rg3
Rd8 21. Ke2 Rd5 22. Nc2 Rxe5+ 23. Kf1 Kf8 24. Re1 Rd5 25. Nd4 Bd7 26. Rge3 b4
27. Re5 Rd6 28. Rc1 f6 29. Ree1 Kf7 30. Red1 bxc3 31. bxc3 Rd5 32. Rd2 Rc5 33.
Ke1 Bc8 34. Kd1 Rh5 35. h3 Rg5 36. Rcc2 Rg3 37. Rf2 Bd7 38. Ke1 Ba4 39. Rc1 h5
40. Re2 Bd7 41. Kf2 h4 42. Re4 Bc6 43. Rg4 Rxg4 44. hxg4 g5 45. Kf1 Bd7 46. Nf5
Be6 47. Rc2 Kg6 48. Rd2 Bxf5 49. gxf5+ Kxf5 50. c4 Ke4 51. Rd5 f5 52. a4 g4 53.
a5 Bd4 54. Rd7 h3 55. gxh3 gxh3 56. Rh7 Be5 57. Rh6 Bd6 58. Rxh3 Kd4 59. c5
1/2-1/2

[Event "10MCR_4DW_1L_2S"]
[Site "CR"]
[Date "2012.??.??"]
[Round "?"]
[White "Cernovsky, Karel"]
[Black "Pavlicek, Miroslav"]
[Result "1/2-1/2"]
[WhiteElo "2331"]
[BlackElo "2232"]
[Annotator "08"]
[PlyCount "70"]
[EventDate "2012.??.??"]
[EventType "corr"]

1. e4 c5 2. Nf3 d6 3. d4 cxd4 4. Nxd4 Nf6 5. Nc3 a6 6. Be3 e6 7. f3 b5 8. Qd2
Nbd7 9. O-O-O Bb7 10. a3 Ne5 11. g4 Nfd7 12. Kb1 Nb6 13. b3 d5 14. exd5 Nxd5
15. Nxd5 Bxd5 16. Nxb5 Qc8 17. Bf4 f6 18. Nd4 Bxa3 19. Rg1 Nc6 20. Nf5 O-O 21.
g5 Ra7 22. Qc3 Bb4 23. Qe3 Kh8 24. gxf6 Rxf6 25. Nxg7 Rxg7 26. Rxg7 Kxg7 27. c4
Qf8 28. cxd5 exd5 29. Be5 Nxe5 30. Qxe5 Qd6 31. Qb2 Qe6 32. Qd4 Bf8 33. h4 Kf7
34. Qxd5 Qxd5 35. Rxd5 Rxf3 1/2-1/2

[Event "10MCR_4DW_1L_2S"]
[Site "CR"]
[Date "2012.??.??"]
[Round "?"]
[White "Mikoska, Josef"]
[Black "Pavlicek, Miroslav"]
[Result "1/2-1/2"]
[WhiteElo "2222"]
[BlackElo "2232"]
[Annotator "09"]
[PlyCount "91"]
[EventDate "2012.??.??"]
[EventType "corr"]

1. e4 c5 2. Nf3 Nc6 3. d4 cxd4 4. Nxd4 Nf6 5. Nc3 d6 6. Bg5 e6 7. Qd2 Be7 8.
O-O-O O-O 9. f4 h6 10. Bh4 Qa5 11. Nb3 Qh5 12. g3 a5 13. a4 d5 14. Be2 Qg6 15.
exd5 Nxd5 16. Bd3 Qh5 17. Nxd5 exd5 18. Bxe7 Nxe7 19. h3 Nc6 20. g4 Qh4 21. Kb1
Rd8 22. Rhg1 Nb4 23. Bb5 Bd7 24. Qg2 Qf6 25. c3 Na6 26. Rxd5 Be6 27. Rxd8+ Rxd8
28. Nd4 Nc5 29. f5 Bd5 30. Qe2 Qd6 31. Re1 Ne4 32. Kc1 Nc5 33. Qe5 Nb3+ 34. Kc2
Qxe5 35. Rxe5 Nxd4+ 36. cxd4 Bg2 37. Kc3 Bxh3 38. Be2 b6 39. Bf3 Kf8 40. b3 Bf1
41. Re1 Rc8+ 42. Kd2 Ba6 43. d5 Re8 44. Rb1 Rd8 45. Ke3 Rc8 46. Kd4 1/2-1/2

[Event "10MCR_4DW_1L_2S"]
[Site "CR"]
[Date "2012.??.??"]
[Round "?"]
[White "Zahour, Jiri"]
[Black "Nedoma, Petr"]
[Result "1/2-1/2"]
[WhiteElo "2345"]
[BlackElo "2417"]
[Annotator "10"]
[PlyCount "71"]
[EventDate "2012.??.??"]
[EventType "corr"]

1. e4 e5 2. Nf3 Nc6 3. Bb5 a6 4. Bxc6 dxc6 5. O-O Qd6 6. Na3 b5 7. c3 c5 8. Nc2
Bb7 9. Re1 Ne7 10. a4 b4 11. Qe2 Nc6 12. Ne3 Qd7 13. d3 O-O-O 14. Nd5 f6 15.
Be3 Ne7 16. c4 Kb8 17. a5 Nc6 18. Nd2 Nd4 19. Bxd4 exd4 20. Qh5 Bd6 21. g3 g6
22. Qh4 Rhf8 23. Qh6 Rf7 24. f4 Qg4 25. Kg2 Rdf8 26. Nf3 Rg8 27. Rf1 Qd7 28. b3
Be7 29. Rf2 Bd8 30. Re1 Ka7 31. Rfe2 Re8 32. Kf2 Ba8 33. Kg1 Bb7 34. Kg2 Rg8
35. Kg1 Ba8 36. Kg2 1/2-1/2

[Event "10MCR_4DW_1L_2S"]
[Site "CR"]
[Date "2012.??.??"]
[Round "?"]
[White "Svrsek, Radomir"]
[Black "Cernovsky, Karel"]
[Result "1/2-1/2"]
[WhiteElo "2177"]
[BlackElo "2331"]
[Annotator "11"]
[PlyCount "45"]
[EventDate "2012.??.??"]
[EventType "corr"]

1. e4 e5 2. Nf3 Nc6 3. Bb5 a6 4. Ba4 Nf6 5. O-O Be7 6. Re1 b5 7. Bb3 d6 8. c3
O-O 9. h3 Na5 10. Bc2 c5 11. d4 cxd4 12. cxd4 Bb7 13. d5 Rc8 14. b3 Qc7 15. Bd3
Nd7 16. Bd2 Nc5 17. Bc2 Nd7 18. Na3 f5 19. Re3 Ba8 20. Rc1 Qb6 21. exf5 Nf6 22.
b4 Nc4 23. Nxc4 1/2-1/2

[Event "10MCR_4DW_1L_2S"]
[Site "CR"]
[Date "2012.??.??"]
[Round "?"]
[White "Cakl, Miloslav"]
[Black "Pavlicek, Miroslav"]
[Result "0-1"]
[WhiteElo "2123"]
[BlackElo "2232"]
[Annotator "12"]
[PlyCount "74"]
[EventDate "2012.??.??"]
[EventType "corr"]

1. e4 c5 2. Nf3 d6 3. d4 cxd4 4. Nxd4 Nf6 5. Nc3 a6 6. Bg5 e6 7. f4 Qb6 8. Qd2
Qxb2 9. Rb1 Qa3 10. Be2 Nbd7 11. O-O Be7 12. f5 e5 13. Nb3 b5 14. Qe1 d5 15.
exd5 O-O 16. Qg3 Bb7 17. Bh6 Ne8 18. Rfd1 Qd6 19. Be3 Ndf6 20. Na5 Qa3 21. Nc6
Bxc6 22. Rb3 Qa5 23. dxc6 b4 24. Na4 Rc8 25. Nb6 Rxc6 26. Nc4 Qc7 27. Nxe5 Ne4
28. Bf3 Nxg3 29. Nxc6 Nxf5 30. Nxe7+ Qxe7 31. Bf2 Nf6 32. Re1 Qc7 33. g4 Nd6
34. Rxb4 Qc3 35. Rf4 g5 36. Re3 Qb2 37. Ra4 Rc8 0-1

[Event "10MCR_4DW_1L_2S"]
[Site "CR"]
[Date "2012.??.??"]
[Round "?"]
[White "Hrdy, Roman"]
[Black "Nedoma, Petr"]
[Result "1/2-1/2"]
[WhiteElo "2356"]
[BlackElo "2417"]
[Annotator "13"]
[PlyCount "40"]
[EventDate "2012.??.??"]
[EventType "corr"]

1. d4 Nf6 2. c4 e6 3. g3 d5 4. Bg2 dxc4 5. Nf3 Bb4+ 6. Bd2 a5 7. Qc2 Bxd2+ 8.
Qxd2 c6 9. a4 Ne4 10. Qc2 Nd6 11. Nbd2 Na6 12. Nxc4 Nb4 13. Nxd6+ Qxd6 14. Qc3
O-O 15. Rd1 Nd5 16. Qc2 Nb4 17. Qc3 Nd5 18. Qc2 Nb4 19. Qc3 Nd5 20. Qc2 Nb4
1/2-1/2

[Event "10MCR_4DW_1L_2S"]
[Site "CR"]
[Date "2012.??.??"]
[Round "?"]
[White "Svrsek, Radomir"]
[Black "Pavlicek, Miroslav"]
[Result "0-1"]
[WhiteElo "2177"]
[BlackElo "2232"]
[Annotator "14"]
[PlyCount "110"]
[EventDate "2012.??.??"]
[EventType "corr"]

1. Nf3 d5 2. d4 Nf6 3. c4 c6 4. e3 Bf5 5. Nc3 e6 6. Nh4 Bg6 7. Nxg6 hxg6 8. h3
Nbd7 9. Bd3 Qc7 10. cxd5 exd5 11. O-O Bd6 12. Bd2 O-O 13. Rc1 a6 14. a3 Rae8
15. Qb3 Re6 16. Qc2 Rfe8 17. Rfe1 Nf8 18. a4 N8h7 19. Rb1 Ng5 20. b4 Bg3 21.
Rf1 Bxf2+ 22. Rxf2 Qg3 23. Kf1 Qh2 24. Ke1 Nh5 25. Kd1 Nxh3 26. Rf1 Qxg2 27.
Kc1 Ng3 28. Re1 Nf4 29. Kb2 Nxd3+ 30. Qxd3 Rf6 31. Rg1 Qh2 32. Kb3 Rf2 33. Rbd1
g5 34. Bc1 g4 35. Rde1 Qh4 36. Rd1 Rf3 37. Qc2 g6 38. Qg2 Qf6 39. Rde1 Kg7 40.
Qc2 Rh8 41. a5 Qg5 42. e4 Qd8 43. exd5 Qxd5+ 44. Ka4 Qd7 45. Ka3 Nf5 46. Bb2
Ne3 47. Qe2 Nd5 48. Rc1 Rhh3 49. Kb3 Re3 50. Qc4 Qe6 51. Ka2 Rxc3 52. Bxc3 Rxc3
53. Rxc3 Nxc3+ 54. Kb3 Qe3 55. Qxc3 Qxg1 0-1

[Event "10MCR_4DW_1L_2S"]
[Site "CR"]
[Date "2012.??.??"]
[Round "?"]
[White "Svrsek, Radomir"]
[Black "Gubas, Jan"]
[Result "1/2-1/2"]
[WhiteElo "2177"]
[BlackElo "2334"]
[Annotator "15"]
[PlyCount "47"]
[EventDate "2012.??.??"]
[EventType "corr"]

1. e4 e5 2. Nf3 Nc6 3. Bb5 a6 4. Ba4 Nf6 5. O-O b5 6. Bb3 Bb7 7. a4 Be7 8. d3
O-O 9. Re1 d6 10. Nc3 Na5 11. Ba2 b4 12. Ne2 c5 13. Ng3 Rb8 14. h3 Bc8 15. Nd2
Be6 16. Bc4 Qc8 17. b3 Nc6 18. Bb2 Nd4 19. Ngf1 Nd7 20. a5 Bg5 21. Ne3 Nf6 22.
Bxd4 cxd4 23. Bxe6 fxe6 24. Nec4 1/2-1/2

[Event "10MCR_4DW_1L_2S"]
[Site "CR"]
[Date "2012.??.??"]
[Round "?"]
[White "Zahour, Jiri"]
[Black "Mikoska, Josef"]
[Result "1-0"]
[WhiteElo "2345"]
[BlackElo "2222"]
[Annotator "16"]
[PlyCount "95"]
[EventDate "2012.??.??"]
[EventType "corr"]

1. e4 e5 2. Nf3 Nc6 3. Bb5 a6 4. Bxc6 dxc6 5. O-O Ne7 6. Nxe5 Qd4 7. Qh5 g6 8.
Nf3 Qxe4 9. Qa5 Bg4 10. Qc3 Rg8 11. Ng5 Qf5 12. d3 O-O-O 13. f3 Bh5 14. g4 Qd7
15. Nxh7 Bg7 16. Nf6 Qe6 17. Nxg8 Bd4+ 18. Kh1 Bxc3 19. Nxe7+ Qxe7 20. Nxc3 Rh8
21. a3 Qh4 22. Bf4 Bxg4 23. fxg4 Qxg4 24. Rae1 f5 25. Re7 Qh3 26. Kg1 Rh7 27.
Re8+ Kd7 28. Re2 Qh4 29. Rg2 Qf6 30. Rf3 b5 31. Kf1 c5 32. Rfg3 Rg7 33. Bg5 Qe5
34. Rh3 f4 35. Rf3 b4 36. axb4 cxb4 37. Na4 Rf7 38. h4 b3 39. cxb3 Qd5 40. Rgf2
Kc8 41. Bxf4 Rf5 42. Nc3 Qxb3 43. Re3 Qg8 44. Kg2 Qd8 45. Kg3 Rh5 46. Rh2 Kb7
47. Ne4 a5 48. Ng5 1-0

[Event "10MCR_4DW_1L_2S"]
[Site "CR"]
[Date "2012.??.??"]
[Round "?"]
[White "Gubas, Jan"]
[Black "Binas, Jindrich"]
[Result "1/2-1/2"]
[WhiteElo "2334"]
[BlackElo "2217"]
[Annotator "17"]
[PlyCount "98"]
[EventDate "2012.??.??"]
[EventType "corr"]

1. e4 c5 2. Nf3 d6 3. d4 cxd4 4. Nxd4 Nf6 5. Nc3 a6 6. Be2 e5 7. Nb3 Be6 8. f4
Be7 9. f5 Bd7 10. Be3 Bc6 11. Bf3 b5 12. a3 h6 13. Qd3 Nbd7 14. O-O Qc7 15.
Rfd1 O-O 16. Bf2 Rfc8 17. Rab1 Rab8 18. Nd2 Nc5 19. Qe2 Na4 20. Nxa4 bxa4 21.
c4 Ba8 22. Rdc1 Nd7 23. Rc2 Nc5 24. Rd1 Bg5 25. g3 Bd8 26. Kg2 Qc6 27. h3 Bb6
28. Kh2 Rc7 29. Bg2 f6 30. Bf3 Nb7 31. Nb1 Bxf2 32. Qxf2 Na5 33. Nc3 Nb3 34.
Be2 Rcb7 35. Bd3 Nc5 36. Nd5 Qd7 37. Re2 Rb3 38. Bb1 Bxd5 39. cxd5 Rc8 40. Rdd2
Rb7 41. Rc2 Nb3 42. Rxc8+ Qxc8 43. Rc2 Qe8 44. Kg2 Nd4 45. Rd2 Qc8 46. Qf1 Qb8
47. Qf2 Nb3 48. Rc2 a5 49. h4 Kh7 1/2-1/2

[Event "10MCR_4DW_1L_2S"]
[Site "CR"]
[Date "2012.??.??"]
[Round "?"]
[White "Gubas, Jan"]
[Black "Hrdy, Roman"]
[Result "1/2-1/2"]
[WhiteElo "2334"]
[BlackElo "2356"]
[Annotator "18"]
[PlyCount "51"]
[EventDate "2012.??.??"]
[EventType "corr"]

1. e4 c6 2. d4 d5 3. e5 Bf5 4. Be2 e6 5. Nf3 Nd7 6. O-O h6 7. Nbd2 Ne7 8. Re1
Bh7 9. Nf1 c5 10. c4 dxc4 11. Ne3 b5 12. b3 Nc6 13. d5 exd5 14. Nxd5 Nb6 15.
bxc4 bxc4 16. Nxb6 axb6 17. Bxc4 Qxd1 18. Rxd1 Be7 19. Bb5 Be4 20. Bb2 O-O 21.
Nd2 Na7 22. Nxe4 Nxb5 23. a4 Nd4 24. Bxd4 cxd4 25. Rxd4 Ra5 26. f4 1/2-1/2

[Event "10MCR_4DW_1L_2S"]
[Site "CR"]
[Date "2012.??.??"]
[Round "?"]
[White "Cakl, Miloslav"]
[Black "Binas, Jindrich"]
[Result "1/2-1/2"]
[WhiteElo "2123"]
[BlackElo "2217"]
[Annotator "19"]
[PlyCount "120"]
[EventDate "2012.??.??"]
[EventType "corr"]

1. e4 c5 2. Nf3 d6 3. d4 cxd4 4. Nxd4 Nf6 5. Nc3 a6 6. Be2 e5 7. Nb3 Be6 8. O-O
Nbd7 9. f4 Rc8 10. f5 Bc4 11. Bxc4 Rxc4 12. Be3 Be7 13. Qe2 Qc7 14. Nd2 Rc6 15.
a4 Qa5 16. Bf2 O-O 17. Nb3 Qc7 18. Rad1 Rc8 19. Rd3 b5 20. axb5 axb5 21. Rd2
Rc4 22. Nxb5 Qb7 23. Nc3 Rxc3 24. bxc3 Nxe4 25. Rd3 Nxc3 26. Qe3 Nd5 27. Qa7
Qxa7 28. Bxa7 Nb4 29. Rd2 d5 30. Re2 Bf8 31. Bf2 d4 32. Ra1 f6 33. Ra7 Nb6 34.
Nxd4 exd4 35. Bxd4 N6d5 36. Rd7 Nxc2 37. Bf2 Ncb4 38. Re1 Nf4 39. Red1 Re8 40.
Kh1 h5 41. R1d4 Ne2 42. Rc4 Re5 43. g4 hxg4 44. Rd8 Kf7 45. Rd7+ Ke8 46. Rb7
Be7 47. Rxe7+ Kxe7 48. Rxb4 Kf7 49. Kg2 Rxf5 50. Rxg4 Nf4+ 51. Kg3 Nd3 52. Bd4
Ne5 53. Bxe5 Rxe5 54. Ra4 g6 55. h4 Kg7 56. Ra7+ Kh6 57. Ra8 Re3+ 58. Kg2 Kh5
59. Kf2 Rh3 60. Rf8 f5 1/2-1/2

[Event "10MCR_4DW_1L_2S"]
[Site "CR"]
[Date "2012.??.??"]
[Round "?"]
[White "Binas, Jindrich"]
[Black "Hrdy, Roman"]
[Result "1/2-1/2"]
[WhiteElo "2217"]
[BlackElo "2356"]
[Annotator "20"]
[PlyCount "73"]
[EventDate "2012.??.??"]
[EventType "corr"]

1. e4 c6 2. d4 d5 3. Nc3 dxe4 4. Nxe4 Nf6 5. Nxf6+ exf6 6. Nf3 Bd6 7. Bd3 O-O
8. O-O Bg4 9. Be3 Nd7 10. h3 Bh5 11. c4 Qc7 12. c5 Bf4 13. Re1 Rfd8 14. Qd2
Bxe3 15. Qxe3 Nf8 16. Nh4 Ne6 17. Nf5 Bg6 18. Nd6 Bxd3 19. Qxd3 Rxd6 20. cxd6
Qxd6 21. Rad1 Rd8 22. Qb3 Rd7 23. Rd2 g6 24. Red1 Nf4 25. h4 Kg7 26. Qg3 h6 27.
a3 Qc7 28. Qc3 Rd5 29. g3 Ne6 30. b4 Qd6 31. Kh2 b6 32. Kg2 f5 33. a4 f4 34.
Rd3 Qd7 35. Kg1 Kh7 36. R3d2 Qd6 37. Kh1 1/2-1/2

[Event "10MCR_4DW_1L_2S"]
[Site "CR"]
[Date "2012.??.??"]
[Round "?"]
[White "Cakl, Miloslav"]
[Black "Gubas, Jan"]
[Result "1/2-1/2"]
[WhiteElo "2123"]
[BlackElo "2334"]
[Annotator "21"]
[PlyCount "39"]
[EventDate "2012.??.??"]
[EventType "corr"]

1. e4 e5 2. Nf3 Nc6 3. Bc4 Bc5 4. d3 Nf6 5. Nc3 h6 6. O-O d6 7. Nd5 O-O 8. c3
Nxd5 9. exd5 Ne7 10. d4 exd4 11. Nxd4 Nf5 12. Be3 Nxe3 13. fxe3 Qe7 14. Qd3 Bd7
15. Rf3 Qe5 16. Raf1 Rae8 17. Bb5 Bxb5 18. Qxb5 Qxd5 19. Rxf7 Qe4 20. Rxf8+
1/2-1/2

[Event "10MCR_4DW_1L_2S"]
[Site "CR"]
[Date "2012.??.??"]
[Round "?"]
[White "Mikoska, Josef"]
[Black "Cakl, Miloslav"]
[Result "1/2-1/2"]
[WhiteElo "2222"]
[BlackElo "2123"]
[Annotator "22"]
[PlyCount "68"]
[EventDate "2012.??.??"]
[EventType "corr"]

1. e4 c5 2. Nf3 d6 3. d4 cxd4 4. Nxd4 Nf6 5. Nc3 a6 6. Bg5 e6 7. f4 Qb6 8. Qd2
Qxb2 9. Rb1 Qa3 10. Rb3 Qa5 11. Bxf6 gxf6 12. f5 Nc6 13. Nxc6 bxc6 14. Bd3 d5
15. O-O Bc5+ 16. Kh1 d4 17. Nb1 Qxd2 18. Nxd2 a5 19. fxe6 Bxe6 20. Bc4 Bb4 21.
Bxe6 fxe6 22. Nc4 O-O 23. Rfb1 Ra7 24. g3 Kg7 25. a3 Bc5 26. Rb7+ Rf7 27. Rxa7
Rxa7 28. Kg2 a4 29. Kf3 Rd7 30. Ke2 e5 31. Rb8 Ra7 32. Kd3 h5 33. Rc8 Ra6 34.
Rc7+ Kh6 1/2-1/2

[Event "10MCR_4DW_1L_2S"]
[Site "CR"]
[Date "2012.??.??"]
[Round "?"]
[White "Hostinsky, Jiri"]
[Black "Zahour, Jiri"]
[Result "1/2-1/2"]
[WhiteElo "2391"]
[BlackElo "2345"]
[Annotator "23"]
[PlyCount "53"]
[EventDate "2012.??.??"]
[EventType "corr"]

1. e4 c5 2. Nf3 d6 3. d4 cxd4 4. Nxd4 Nf6 5. Nc3 a6 6. Be3 e5 7. Nf3 Be7 8. Bc4
O-O 9. O-O Nc6 10. Qe2 Na5 11. Bd3 Be6 12. Na4 b5 13. Bb6 Qc8 14. Bxa5 bxa4 15.
Bd2 a5 16. Rfe1 Bd8 17. h3 Rb8 18. b3 Qc6 19. Rac1 h6 20. Nh4 Re8 21. Qe3 Qd7
22. Qg3 axb3 23. axb3 Nh5 24. Qf3 Nf4 25. Bxf4 Bxh4 26. Be3 a4 27. bxa4 1/2-1/2

[Event "10MCR_4DW_1L_2S"]
[Site "CR"]
[Date "2012.??.??"]
[Round "?"]
[White "Zahour, Jiri"]
[Black "Gubas, Jan"]
[Result "1/2-1/2"]
[WhiteElo "2345"]
[BlackElo "2334"]
[Annotator "24"]
[PlyCount "106"]
[EventDate "2012.??.??"]
[EventType "corr"]

1. e4 e5 2. Nf3 Nc6 3. Bb5 a6 4. Bxc6 dxc6 5. O-O Bg4 6. h3 Bh5 7. g4 Bg6 8.
Nxe5 Qh4 9. Qf3 f6 10. Nxg6 hxg6 11. Kg2 O-O-O 12. d3 g5 13. Rh1 Bd6 14. Nd2
Ne7 15. Nc4 Qh7 16. Nxd6+ Rxd6 17. Qg3 c5 18. f4 c4 19. fxg5 cxd3 20. cxd3 Rhd8
21. Rd1 Ng6 22. a4 Ne5 23. Ra3 Rxd3 24. Rdxd3 Qxe4+ 25. Rf3 Nxf3 26. Rxf3 Qc2+
27. Rf2 Qxc1 28. gxf6 gxf6 29. Qf4 Qc6+ 30. Qf3 Qxa4 31. Qxf6 b6 32. Re2 a5 33.
Qf3 Kb8 34. h4 Rd4 35. Kh3 Qd7 36. Re4 Rd2 37. Rf4 Ka7 38. Rf7 Qd6 39. Qg3 Rd3
40. Rf3 Qc6 41. Rxd3 Qh1+ 42. Qh2 Qf1+ 43. Qg2 Qxd3+ 44. Qg3 Qf1+ 45. Kh2 Qc1
46. Qe5 Qc4 47. Qg3 Qc1 48. Qf2 Qd1 49. Qg1 Qd2+ 50. Qg2 Qd6+ 51. Qg3 Qd2+ 52.
Kh3 Kb8 53. Qa3 b5 1/2-1/2

[Event "10MCR_4DW_1L_2S"]
[Site "CR"]
[Date "2012.??.??"]
[Round "?"]
[White "Cernovsky, Karel"]
[Black "Binas, Jindrich"]
[Result "0-1"]
[WhiteElo "2331"]
[BlackElo "2217"]
[Annotator "25"]
[PlyCount "102"]
[EventDate "2012.??.??"]
[EventType "corr"]

1. e4 c5 2. Nf3 d6 3. d4 cxd4 4. Nxd4 Nf6 5. Nc3 a6 6. Be3 e5 7. Nb3 Be6 8. f3
Be7 9. Qd2 O-O 10. O-O-O Nbd7 11. g4 b5 12. g5 b4 13. Ne2 Ne8 14. f4 a5 15. f5
a4 16. Nbd4 exd4 17. Nxd4 b3 18. Kb1 bxc2+ 19. Nxc2 Bb3 20. axb3 axb3 21. Na3
Ne5 22. h4 Ra4 23. Bd4 Qa8 24. Qg2 Nc7 25. h5 Rb8 26. g6 h6 27. gxf7+ Kf8 28.
Rh3 Nb5 29. Bxb5 Rxb5 30. Bxe5 dxe5 31. Rhd3 Rbb4 32. Rc1 Rb8 33. Rd5 Qa6 34.
Rcd1 Ra8 35. R5d3 Qc4 36. Qe2 Qb4 37. Rc1 Rxa3 38. bxa3 Qxa3 39. Qb2 Qxb2+ 40.
Kxb2 Ba3+ 41. Kb1 Bxc1 42. Kxc1 Ra1+ 43. Kb2 Re1 44. Rd6 Kxf7 45. Rd7+ Kf6 46.
Rd6+ Kg5 47. Rg6+ Kxh5 48. Rxg7 Rxe4 49. Rg1 Rf4 50. Kxb3 Rxf5 51. Kc4 Rg5 0-1